=LDR 00000nam 2200000 4500 =001 INLIS000000000059416 =005 20211112090225 =035 ##$$a 0010-1121000153 =007 ta =008 211112###########################0#ind## =020 ##$$a tidak teridentifikasi =082 ##$$a 305.598 23 =084 ##$$a 305.598 23 Moh t =245 1#$$a Tasbih dan Golok : $b Kedudukan, Peran & Jaringan Kiyai & Jawara di Banten /$c Mohamad Hudaeri, M.Ag. =250 ##$$a cet iv =300 ##$$a 172 halaman ; $c 20 cm =650 #4$$a Sosial - Struktur Banten =264 ##$$a Banten :$b Humas & Protokol,$c 2015 =336 ##$$a teks$2 rdacontent =337 ##$$a lain-lain$2 rdamedia =338 ##$$a lain-lain$2 rdacarrier =990 ##$$a 28552855